Die Asthetik des Schreckens: die pessimistische Romantik und Ernst Jüngerst Frühwerk

Saved in:
Bibliografiske detaljer
Hovedforfatter: Bohrer, Karl Heinz (Author)
Format: Bog
Sprog:tysk
Udgivet: Viena Carl Hanser 1978
Fag:
Tags: Tilføj Tag
Ingen Tags, Vær først til at tagge denne postø!

MARC

LEADER 00000nam a2200000 a 4500
001 UCN9927
003 CL-VaPUC
005 20240731094227.0
008 011221e19780000AU |||||||||||||||||ger|d
999 |c 299023  |d 299021 
040 |c Pontificia Universidad Católica de Valparaíso 
082 0 4 |a 193  |b BOH  |2 21 
100 0 |a Bohrer, Karl Heinz  |e author  |9 466427 
245 1 4 |a Die Asthetik des Schreckens: die pessimistische Romantik und Ernst Jüngerst Frühwerk 
260 |a Viena  |b Carl Hanser  |c 1978 
300 |a 634 p 
583 |a last modification  |c 20011221 00:00:00  |k Rodrigo Vera 
600 |a Jünger, Ernst  |d 1895-1998  |9 858620 
650 0 |a Filosofía alemana   |9 265002 
650 0 |a Romanticismo   |9 266698 
650 0 |a Romanticismo alemán  |9 375288 
650 0 |a Estética   |9 264950 
852 |a BIBCUR 
942 |c BK  |2 ddc 
945 |d 20011221 00:00:00  |a crobeson 
952 |0 0  |1 0  |4 0  |6 193_000000000000000_BOH_1978  |7 0  |8 A  |9 355144  |a BIBHIS  |b BIBHIS  |d 2019-11-21  |i 374289K  |o 193 BOH 1978  |p 374289K  |r 2025-01-20  |w 2019-11-21  |y BK  |k HIS